[Event "FICGS no engines 00 email"]
[Site "FICGS email"]
[Date "2010.11.14"]
[Round "1"]
[White "Neil, Charles"]
[Black "Reyes, Nicolas"]
[Result "1-0"]
[WhiteElo "1193"]
[BlackElo "1800"]
[PlyCount "45"]
[EventDate "2010.??.??"]
[EventType "swiss (corr)"]
[EventRounds "1"]
[SourceTitle "Corr 2013"]
[Source "ChessBase"]
[SourceDate "2012.11.12"]
[SourceVersion "1"]
[SourceVersionDate "2012.11.12"]
[SourceQuality "1"]

1. e4 e5 2. Nf3 Bc5 3. Nxe5 Nf6 4. Bc4 Qe7 5. Bxf7+ Kf8 6. d4 Qd6 7. c3 Bb6 8. Bf4 Nxe4 9. Ng6+ hxg6 10. Bxd6+ cxd6 11. Bd5 Ng5 12. Nd2 a5 13. 0-0 Rh5 14. Nc4 Nh7 15. Nxb6 Ra6 16. Qf3+ Rf5 17. Qh3 Rxb6 18. Qxh7 Rxd5 19. f4 Rxb2 20. Qh8+ Ke7 21. Rae1+ Kf7 22. Qe8+ Kf6 23. Qf8# 1-0